Statistics for College Cup Winners

Click here to take the quiz!

General Stats

  • This quiz has been taken 19 times
  • The average score is 46 of 66

Answer Stats

HintAnswer% Correct
1985 (1)UCLA
100%
1997 (1)UCLA
100%
1990 (2)UCLA
100%
2002 (4)UCLA
100%
2011 (2)North Carolina
94%
2001 (1)North Carolina
94%
2022 (1)Syracuse
94%
1991 (2)Virginia
94%
1992 (3)Virginia
94%
2014 (7)Virginia
94%
2009 (6)Virginia
94%
1989 (1)Virginia
94%
1994 (5)Virginia
94%
1993 (4)Virginia
94%
1986 (1)Duke
89%
2017 (3)Stanford
89%
2016 (2)Stanford
89%
2015 (1)Stanford
89%
1984 (1)Clemson
83%
1987 (2)Clemson
83%
2021 (3)Clemson
83%
2023 (4)Clemson
83%
2004 (7)Indiana
83%
1983 (2)Indiana
83%
1999 (5)Indiana
83%
1998 (4)Indiana
83%
1988 (3)Indiana
83%
2012 (8)Indiana
83%
1982 (1)Indiana
83%
2003 (6)Indiana
83%
1968 (2)Michigan State
83%
1967 (1)Michigan State
83%
2013 (1)Notre Dame
83%
1980 (4)San Francisco
78%
1976 (3)San Francisco
78%
1966 (1)San Francisco
78%
1975 (2)San Francisco
78%
1981 (1)Connecticut
72%
2000 (2)Connecticut
72%
2019 (1)Georgetown
72%
2005 (2)Maryland
72%
2008 (3)Maryland
72%
2018 (4)Maryland
72%
1968 (1)Maryland
72%
2020 (1)Marshall
61%
2007 (1)Wake Forest
61%
1995 (1)Wisconsin
61%
1964 (1)Navy
56%
1996 (1)St. John's
44%
1974 (1)Howard
39%
2010 (1)Akron
33%
1962 (3)Saint Louis
33%
1963 (4)Saint Louis
33%
1965 (5)Saint Louis
33%
1969 (7)Saint Louis
33%
1960 (2)Saint Louis
33%
1973 (10)Saint Louis
33%
1967 (6)Saint Louis
33%
1972 (9)Saint Louis
33%
1970 (8)Saint Louis
33%
1959 (1)Saint Louis
33%
2006 (1)UC Santa Barbara
28%
1989 (1)Santa Clara
22%
1977 (1)Hartwick
17%
1979 (1)SIU Edwardsville
17%
1961 (1)West Chester
17%

Score Distribution

Percentile by Number Answered

Percent of People with Each Score

Your Score History

You have not taken this quiz